000
00244nam a2200097Ia 4500
005
20251222114341.0
008
251222s1900||||xx |||||||||||||| ||spa||
082
_a
DVD0060/B61/1961
245
0
_a
Bonequinha de Luxo:Desayuno con diamantes
942
_c
DVD
999
_c
846
_d
846